| 000 | 00687nam a2200217 4500 | ||
|---|---|---|---|
| 005 | 20250801142449.0 | ||
| 010 | _aENG-146275 | ||
| 020 |
_a9789361631863 _c280.00 |
||
| 035 | _aEN-129807 | ||
| 037 | _bDBAD | ||
| 082 |
_a621.319 _21 |
||
| 100 |
_aK. Suresh _983597 |
||
| 245 |
_aHvdc and Facts/ _cK. Suresh; J. Jayalakshmi [and] A. Sowmiya |
||
| 250 | _a1 | ||
| 260 |
_aTamil Nadu _bShanlax Publications _c2025 |
||
| 270 |
_a61,66 T.P.K. Main Road Vasantha Nagar. _bTamil Nadu _e625003 _mshanlaxpublications.com |
||
| 300 |
_a138p. _c22cm(pb) |
||
| 700 |
_aA. Sowmiya _eAuthor _983598 |
||
| 700 |
_a J. Jayalakshmi _eAuthor _983599 |
||
| 942 |
_2ddc _cEN _h621.319 _mKSU |
||
| 999 |
_c212790 _d212790 |
||